000 00957nam a2200289 i 4500
003 DO-SdBNP
005 20251127093000.0
007 ta
008 251127b2012 dr ad||| |||| 00| 0 spa d
040 _aDO-SdBNP
_bspa
_cBNPHU
_erda
041 _aspa
082 4 _axxx
_bR426d
_222
110 1 _aRepública Dominicana
_9447
245 1 0 _aDe la crisis financiera internacional al crecimiento para todos /
_ceditores, Roby Senderowitsch, Yvonne M. Tsikata.
250 _aSegunda edición
264 _aSanto Domingo :
_bBanco Mundial,
_c2012.
300 _a150 páginas :
_bilustraciones, diagramas ;
_c28 cm.
336 _atexto
_btxt
_2rdacontent
337 _asin mediación
_bn
_2rdamedia
338 _avolumen
_bnc
_2rdacarrier
500 _aNotas de política
590 _aInventariado, 2025/BT
700 1 _aSenderowitsch, Roby,
_eeditor
_4ed.
_963385
700 1 _aTsikata, Yvonne M.,
_eeditor
_4ed.
_963386
910 _aBtavárez
942 _2ddc
_cLBS1
999 _c60084
_d60084